000 00568nam a2200169Ia 4500
003 GCL
008 140319s9999 xx 000 0 ara d
040 _aGCL /
_cGCL
082 0 4 _a812.041
_bى م
100 1 _aياسين طه حافظ
245 1 0 _aمسرحيات الفصل الواحد (هدية من الاديب عبدالفتاح الجمل) /
_cياسين طه حافظ
300 _a386 ص
490 _aمجلة الثقافة الاجنبية
_v0
650 0 4 _aالادب المترجم
650 0 4 _aالمسرحيات المترجمة
942 _2ddc
_cBK
999 _c39388
_d39388